000 00560nam a2200229Ia 4500
003 OSt
005 20220924143323.0
006 a|||||r|||| 00| 0
007 ta
008 220923b |||||||| |||| 00| 0 urd d
024 _a307776
037 _cTextual
040 _aARTS
_cARTS
_burd
041 _2urd
_aurd
082 _aAwx, 168P2
100 _aHussain Ahrar
_9215445
245 0 _aScience ki maya naz hastiyan
260 _c2002
650 _aSCIENCE
942 _hAwx, 168P2
_cTEXL
_2CC
999 _c454085
_d454085